00650nam a22001337a 4500008004100000020001800041082001600059100005100075245012100126260007600247300003000323650006800353700009500421150410b xxu||||| |||| 00| 0 eng d a9789930949818 a707bB 456p aBenchoam, Stefan y Valdes Emiliano (curadores) aProyectos ultravioletacBenchoam, Stefan y Valdes Emiliano (curadores). Mciver, Natasha (tr), Artavia, Adriana (fot) aSan Jose, Costa RicabMuseo de Arte y Diseño Contemporaneo MADCc2014 a56 p.bill. (col)c19 cm. xArte-catalogosxBellas ArtesxArte contemporaneo-America Latina a Stefan Benchoam y Emiliano Valdes (curadores), Natasha Mciver (tr), Adriana Artavia (fot)